Hue Dada ! - Statistiques

Statistiques générales
  • Ce quiz a été pris 55 fois
  • Le résultat moyen est 12 sur 25
Statistiques - réponses
Autour du cheval Réponses % Correct
Cheval de Lucky Luke Jolly Jumper
94%
Bande de métal recourbée en U servant à protéger de l'usure le dessous des sabots des équidés. Fer à cheval
87%
Cheval dans le langage des enfants Dada
83%
Poisson appelé familièrement "cheval de mer" Hippocampe
83%
Cheval ailé de la mythologie grecque Pégase
79%
Coiffure où les cheveux sont rassemblés ensemble à l'arrière ou sur le dessus du crâne et tenus par un lien Queue-de-cheval
77%
Expression d'origine mythologique désignant une subversion introduite de l'extérieur. Cheval de Troie
64%
Accumulation de graisse au niveau des fessiers Culotte de cheval
64%
S’emporter, se mettre en colère ou bien prendre de haut Monter sur ses grands chevaux
53%
Un des six agrès en gymnastique artistique masculine Cheval d'arçons
45%
Chaîne de télévision thématique française dédiée aux courses hippiques Equidia
43%
Unité administrative calculée, en partie, à partir de la puissance d'un moteur Cheval fiscal
40%
Appellation qui désigne un cheval castré Hongre
40%
Traitement particulièrement fort et violent, mais qui a vocation à être efficace. Remède de cheval
40%
Qui réalise en 1998, "L'Homme qui murmurait à l'oreille des chevaux" ? Robert Redford
38%
Cheval de Don Quichotte Rossinante; Rocinante
38%
Ballade folk d'Hugues Aufray en 1966 Stewball
36%
Cheval d'Alexandre le Grand que lui seul est parvenu à dresser. Bucéphale
34%
En 1952, qui chante " Le petit cheval" ( dans le mauvais temps) ? Georges Brassens
34%
Monument construit à Hauterives par le facteur Ferdinand Cheval Le Palais idéal
26%
Prendre les règlements à la lettre ; être intransigeant Etre à cheval sur les principes
17%
Dire que l’on est prêt à tout pour obtenir quelque chose ( Shakespeare ) Mon royaume pour un cheval
17%
Titre français du roman d'Horace McCoy "They Shoot Horses, Don't They?" On achève bien les chevaux
15%
Cheval maigre, en mauvaise santé ( H........ ) Haridelle
13%
Type de barrière de défense utilisée depuis au moins la protohistoire, devant les remparts des oppida Cheval de frise
6%
Aucun quiz correspondant
Distribution des résultats
% des personnes avec chaque résultat
Percentile par nombre de réponses
Votre historique - résultats
Vous n’avez pas pris ce quiz